In Which Language is Language? - Statistics

General Stats
  • This quiz has been taken 128 times
  • The average score is 14 of 20
Answer Stats
Hint Answer % Correct
Language English
99%
la langue French
94%
Sprache German
94%
linguaggio Italian
93%
语言 (Yǔyán) Chinese
91%
Γλώσσα (Glóssa) Greek
89%
لغة (lugha) Arabic
87%
язык (yazyk) Russian
87%
Idioma Spanish
86%
Língua Portuguese
81%
言語 (Gengo) Japanese
80%
język Polish
79%
Språk Norwegian
74%
भाषा: हिन्दी Hindi
68%
Bahasa Indonesian
52%
زبان Urdu
50%
Taal Dutch
40%
Jezik Croatian
37%
ʻolelo Hawaiian
31%
Dil Turkish
21%
No matching quizzes found
Score Distribution
Percent of People with Each Score
Percentile by Number Answered
Your Score History
You have not taken this quiz